[Event "Sveins 5. minneturnering"]
[Site "Oslo"]
[Date "2012.06.22"]
[Round "8"]
[White "Schjelderup, Nils-Jakob"]
[Black "Hansen, Erle Andrea Marki"]
[Result "0-1"]
[WhiteElo "1930"]
[BlackElo "1853"]
[PlyCount "94"]
[EventDate "2012.??.??"]

1. e4 c5 2. Nc3 Nc6 3. f4 g6 4. Bb5 Bg7 5. Nf3 d6 6. O-O Bd7 7. a4 a6 8. Bc4 e6
9. d3 Nge7 10. Kh1 O-O 11. Be3 Nb4 12. d4 d5 13. Be2 dxe4 14. Nxe4 Nbd5 15. Bc1
Nf5 16. Nxc5 Nde3 17. Bxe3 Nxe3 18. Qd3 Nxf1 19. Nxb7 Qc7 20. Nc5 Nxh2 21. Nxh2
Bc6 22. Nxa6 Qxf4 23. c3 Be4 24. Qd1 Qg3 25. Qf1 Rfd8 26. Nc5 Bc6 27. Nf3 Rd5
28. Qe1 Qf4 29. Qc1 Qg4 30. Qe3 Rh5+ 31. Kg1 Qg3 32. Ne4 Bxe4 33. Qxe4 Rha5 34.
Bd1 Qc7 35. Qd3 Rc8 36. Nd2 Rd5 37. Bf3 Rdd8 38. a5 e5 39. Nb3 Rb8 40. a6 Qa7
41. Qc2 exd4 42. Nxd4 Bxd4+ 43. cxd4 Rxd4 44. Kf1 Rdd8 45. Ra4 Rd6 46. Bb7 Rf6+
47. Ke1 Qe3+ 0-1

[Event "Sveins 5. minneturnering"]
[Site "Oslo"]
[Date "2012.06.22"]
[Round "8"]
[White "Hansen, Lars-Henrik Bech"]
[Black "Hauge, Lars Oskar"]
[Result "0-1"]
[WhiteElo "1992"]
[BlackElo "2071"]
[PlyCount "76"]
[EventDate "2012.??.??"]

1. d4 Nf6 2. e3 g6 3. f4 Bg7 4. Nf3 c5 5. c3 O-O 6. Bd3 d5 7. O-O Nc6 8. Nbd2
cxd4 9. exd4 Bg4 10. Qe1 e6 11. Ne5 Bf5 12. Qe2 Bxd3 13. Qxd3 Rb8 14. b3 Qe7
15. a4 Rfc8 16. Qh3 a6 17. Bb2 Na5 18. Rf3 Ne4 19. Nxe4 dxe4 20. Re3 Nxb3 21.
Ra3 Nd2 22. Ra2 Nc4 23. Nxc4 Rxc4 24. Rxe4 Qd7 25. Qd3 Rxa4 26. Rxa4 Qxa4 27.
d5 Qd7 28. d6 Rc8 29. Rc4 Rxc4 30. Qxc4 Qxd6 31. Qc8+ Bf8 32. Qxb7 Qd1+ 33. Kf2
Bc5+ 34. Kg3 Qd3+ 35. Qf3 Qd2 36. Qb7 Bd6 37. Qc8+ Kg7 38. Qc4 Qe3+ 
0-1

[Event "Sveins 5. minneturnering"]
[Site "Oslo"]
[Date "2012.06.22"]
[Round "8"]
[White "Heublum, Harry A"]
[Black "Haubro, Sigfred"]
[Result "1/2-1/2"]
[WhiteElo "1903"]
[BlackElo "2135"]
[PlyCount "57"]
[EventDate "2012.??.??"]

1. d4 d5 2. Nf3 e6 3. e3 f5 4. Bd3 Nf6 5. O-O Be7 6. b3 O-O 7. Bb2 a5 8. a3 Qe8
9. Ne5 Nbd7 10. Nd2 Nxe5 11. dxe5 Nd7 12. f4 a4 13. b4 b6 14. c4 c6 15. Nf3 Qg6
16. Rc1 Bb7 17. cxd5 exd5 18. Bc2 c5 19. Bxa4 Rfd8 20. Bb3 Nf8 21. Qe1 Ba6 22.
Rf2 Kh8 23. Rd1 Bb7 24. b5 Ne6 25. a4 Rac8 26. Ba3 Rd7 27. Rfd2 Nc7 28. Bc2 Ra8
29. Rf2 1/2-1/2

[Event "Sveins 5. minneturnering"]
[Site "Oslo"]
[Date "2012.06.22"]
[Round "8"]
[White "Haug, Johannes"]
[Black "Sætre, Mathias"]
[Result "1-0"]
[WhiteElo "1886"]
[BlackElo "1695"]
[PlyCount "73"]
[EventDate "2012.??.??"]

1. e4 e6 2. d4 d5 3. e5 c5 4. c3 Nc6 5. Nf3 Bd7 6. Be2 Qb6 7. a3 O-O-O 8. b4 c4
9. a4 Nce7 10. Ng5 Nh6 11. f4 f6 12. Nf3 Nef5 13. Na3 Rg8 14. Bd2 Kb8 15. a5
Qa6 16. Qb1 Bb5 17. Bd1 Ng4 18. Nxb5 Qxb5 19. Ba4 Qa6 20. Bd7 b5 21. axb6 Qxb6
22. Ba4 Rc8 23. Bc2 a6 24. Bxf5 exf5 25. Qxf5 Nh6 26. Qc2 Rc7 27. Ra5 Ra7 28.
Ke2 Qc6 29. Rha1 f5 30. b5 Qd7 31. b6 Ra8 32. Rxa6 Rxa6 33. Rxa6 Qc6 34. Qa2
Qb7 35. Qa5 Be7 36. Ra7 Qc6 37. Rxe7 1-0

[Event "Sveins 5. minneturnering"]
[Site "Oslo"]
[Date "2012.06.22"]
[Round "8"]
[White "Jacobsen, Trond"]
[Black "Rødvik, Trym Daniel"]
[Result "1-0"]
[WhiteElo "1610"]
[BlackElo "1926"]
[PlyCount "89"]
[EventDate "2012.??.??"]

1. d4 Nf6 2. c4 g6 3. Nc3 Bg7 4. Bf4 O-O 5. Qc1 d5 6. Bh6 dxc4 7. Bxg7 Kxg7 8.
e3 c5 9. dxc5 Nc6 10. Bxc4 Ne5 11. Be2 Bg4 12. f3 Be6 13. Qd2 Qc7 14. Qd4 Rfd8
15. Qb4 Nc6 16. Qf4 Qa5 17. Nh3 Nd5 18. Qa4 Qxc5 19. Nxd5 Bxd5 20. Qa3 Nb4 21.
Kf2 Qb6 22. Nf4 Rac8 23. Nxd5 Rxd5 24. Rac1 Nc2 25. Qb3 Rb5 26. Bxb5 Nd4 27.
exd4 Qxd4+ 28. Kg3 g5 29. Qa4 Qd6+ 30. f4 Rg8 31. Rhd1 Qe6 32. Qd4+ f6 33. fxg5
Kh8 34. h4 Qf5 35. Bd3 Rxg5+ 36. hxg5 Qxg5+ 37. Qg4 Qe3+ 38. Kh2 Qh6+ 39. Qh3
Qf4+ 40. Kh1 h6 41. Rc8+ Kg7 42. Rcc1 Kh8 43. Rf1 Qd2 44. Qf5 Qxd3 45. Qxd3 1-0

[Event "Sveins 5. minneturnering"]
[Site "Oslo"]
[Date "2012.06.22"]
[Round "8"]
[White "Ådnøy, Hallvard V"]
[Black "Johansen, Stian"]
[Result "1-0"]
[WhiteElo "2286"]
[BlackElo "1997"]
[PlyCount "39"]
[EventDate "2012.??.??"]

1. e4 c6 2. d4 d5 3. exd5 cxd5 4. c4 Nf6 5. Nc3 e6 6. cxd5 Nxd5 7. Nf3 Be7 8.
Bd3 O-O 9. O-O b6 10. Nxd5 exd5 11. Ne5 g6 12. Bh6 Re8 13. Bb5 Bd7 14. Qf3 Be6
15. Bxe8 Qxe8 16. Rac1 Nd7 17. Nc6 Bd6 18. Rc3 Bf5 19. Qxd5 Qe6 20. Ne7+ 
1-0

[Event "Sveins 5. minneturnering"]
[Site "Oslo"]
[Date "2012.06.22"]
[Round "8"]
[White "Salomon, Johan"]
[Black "Kjøita, Henning"]
[Result "1-0"]
[WhiteElo "2052"]
[BlackElo "1970"]
[PlyCount "113"]
[EventDate "2012.??.??"]

1. c4 c5 2. Nc3 g6 3. g3 Bg7 4. Bg2 Nc6 5. d3 d6 6. e4 Nf6 7. Nge2 O-O 8. h3 a6
9. O-O Rb8 10. a4 Ne8 11. Be3 Nd4 12. Nd5 e6 13. Ndf4 Nc6 14. Nc3 Nc7 15. Nfe2
b5 16. Qd2 Na5 17. Qc2 bxc4 18. dxc4 Nxc4 19. Bc1 Na5 20. Be3 Nc4 21. Bc1 Qe7
22. h4 Rd8 23. h5 Na5 24. Be3 d5 25. exd5 exd5 26. Bf4 Bf5 27. Qd1 Be6 28. Bxc7
Qxc7 29. Nf4 d4 30. Nxe6 fxe6 31. Ne4 Rf8 32. Qg4 Qe5 33. hxg6 hxg6 34. Ng5 Rf5
35. f4 Qe3+ 36. Kh2 Rxb2 37. Rae1 Qd2 38. Qh3 Qxg2+ 39. Qxg2 Rxg2+ 40. Kxg2 e5
41. fxe5 Rxg5 42. e6 Nc6 43. e7 Nxe7 44. Rxe7 Rd5 45. Re8+ Kh7 46. Rh1+ Rh5 47.
Rxh5+ gxh5 48. Rc8 Kg6 49. Rxc5 Bf6 50. Rc6 Kf5 51. Kf3 a5 52. Rc5+ Ke6 53.
Rxh5 Be5 54. g4 Kd5 55. g5 d3 56. g6 Kd4 57. Rxe5 1-0

[Event "Sveins 5. minneturnering"]
[Site "Oslo"]
[Date "2012.06.22"]
[Round "8"]
[White "Tari, Aryan"]
[Black "Kjølberg, Jens Hjorth"]
[Result "1-0"]
[WhiteElo "2216"]
[BlackElo "1982"]
[PlyCount "65"]
[EventDate "2012.??.??"]

1. Nf3 Nf6 2. g3 g6 3. Bg2 Bg7 4. O-O O-O 5. c4 d6 6. Nc3 Nc6 7. Rb1 a5 8. a3
e5 9. d3 Nd4 10. b4 axb4 11. axb4 c6 12. b5 Nxf3+ 13. Bxf3 d5 14. bxc6 bxc6 15.
cxd5 cxd5 16. Bg5 Be6 17. Rb5 Ra5 18. Qb1 d4 19. Ne4 Rxb5 20. Qxb5 h6 21. Nxf6+
Bxf6 22. Bxh6 Re8 23. Bd2 Bf5 24. Bc6 Re7 25. Ra1 Kg7 26. Ra8 Qc7 27. Ba5 Qd6
28. Bb4 Qc7 29. Bxe7 Qxe7 30. Qb8 Kh6 31. Bd5 Qc5 32. Qf8+ Qxf8 33. Rxf8 1-0

[Event "Sveins 5. minneturnering"]
[Site "Oslo"]
[Date "2012.06.22"]
[Round "8"]
[White "Langmyhr, Tore"]
[Black "Roholdt, Njaal"]
[Result "1-0"]
[WhiteElo "1905"]
[BlackElo "1756"]
[PlyCount "75"]
[EventDate "2012.??.??"]

1. c4 c5 2. Nf3 Nf6 3. Nc3 g6 4. e4 Nc6 5. d4 cxd4 6. Nxd4 Nxd4 7. Qxd4 Bg7 8.
Be3 O-O 9. Qd2 Qc7 10. Be2 b6 11. Rc1 Bb7 12. f3 Nh5 13. O-O Rac8 14. Nd5 Qd8
15. Bg5 Bxd5 16. cxd5 Rxc1 17. Rxc1 d6 18. Rc6 Qd7 19. b4 Qb7 20. Qc1 Bd4+ 21.
Be3 Be5 22. f4 Bf6 23. g4 Kh8 24. gxh5 gxh5 25. Kh1 Qd7 26. Qf1 e6 27. Qh3 h4
28. b5 Qe7 29. dxe6 fxe6 30. e5 dxe5 31. Qxe6 Qb4 32. Qc4 Qe1+ 33. Bg1 Rg8 34.
Bf1 Be7 35. Qe2 Qb4 36. Qxe5+ Rg7 37. Rc8+ Bf8 38. Bd4 1-0

[Event "Sveins 5. minneturnering"]
[Site "Oslo"]
[Date "2012.06.22"]
[Round "8"]
[White "Omtvedt, Per"]
[Black "Meurs, Tom"]
[Result "1-0"]
[WhiteElo "2117"]
[BlackElo "2246"]
[PlyCount "93"]
[EventDate "2012.??.??"]

1. e4 e5 2. Nf3 Nc6 3. Bb5 a6 4. Ba4 Nf6 5. O-O Nxe4 6. d4 b5 7. Bb3 d5 8. dxe5
Be6 9. Qe2 Be7 10. Rd1 Na5 11. Nbd2 Nc5 12. c3 Ncxb3 13. Nxb3 c5 14. Nxa5 Qxa5
15. Bg5 Bxg5 16. Nxg5 O-O 17. Qd3 g6 18. f4 Kg7 19. g3 b4 20. c4 d4 21. Ne4 Bf5
22. Qf3 Bxe4 23. Qxe4 Qb6 24. Rd3 Rae8 25. Re1 f5 26. Qd5 Rd8 27. Qf3 Qe6 28.
Rc1 g5 29. Rc2 g4 30. Qg2 h5 31. h4 gxh3 32. Qxh3 Rh8 33. b3 Rdg8 34. Qg2 Rd8
35. Qf3 h4 36. gxh4 Rxh4 37. Rg2+ Kf7 38. Qb7+ Rd7 39. Qc8 Rg4 40. Rh3 Re7 41.
Rh7+ Kg6 42. Rxg4+ fxg4 43. f5+ Kxf5 44. Qf8+ Ke4 45. Rxe7 Qg6 46. Qg7 Qf5 47.
Rf7 1-0

[Event "Sveins 5. minneturnering"]
[Site "Oslo"]
[Date "2012.06.22"]
[Round "8"]
[White "Mihajlov, Sebastian"]
[Black "Moseng, Geir"]
[Result "0-1"]
[WhiteElo "2064"]
[BlackElo "2124"]
[PlyCount "58"]
[EventDate "2012.??.??"]

1. d4 d5 2. c4 Nc6 3. cxd5 Qxd5 4. e3 e5 5. Nc3 Bb4 6. Bd2 Bxc3 7. bxc3 Nf6 8.
c4 Qd6 9. d5 Ne7 10. Qa4+ Bd7 11. Qb3 a5 12. Bd3 O-O 13. Ne2 b6 14. e4 Ng6 15.
O-O Nh5 16. Rac1 Nh4 17. Kh1 Qg6 18. Rg1 Qf6 19. Bb1 Qxf2 20. Qe3 Qxe3 21. Bxe3
f5 22. c5 f4 23. Bf2 Nxg2 24. cxb6 cxb6 25. Rxg2 f3 26. Rg5 fxe2 27. Rxh5 Rxf2
28. Kg1 Raf8 29. Bd3 Rf1+ 0-1

[Event "Sveins 5. minneturnering"]
[Site "Oslo"]
[Date "2012.06.22"]
[Round "8"]
[White "Westerinen, Heikki M.J"]
[Black "Mihajlov, Svetoslav"]
[Result "1-0"]
[WhiteElo "2335"]
[BlackElo "2092"]
[PlyCount "49"]
[EventDate "2012.??.??"]

1. e4 e5 2. Nf3 Nc6 3. Bb5 a6 4. Ba4 Nf6 5. O-O Be7 6. Re1 b5 7. Bb3 d6 8. c3
O-O 9. a4 Bb7 10. d4 Na5 11. Bc2 exd4 12. cxd4 c5 13. Bf4 Nc6 14. Nc3 b4 15.
dxc5 dxc5 16. Nd5 Nxd5 17. exd5 Na5 18. d6 Bf6 19. Ne5 Bxe5 20. Rxe5 Qf6 21.
Rf5 Qg6 22. Rg5 Qf6 23. Qd2 Nc4 24. Qd3 g6 25. Qxc4 1-0

[Event "Sveins 5. minneturnering"]
[Site "Oslo"]
[Date "2012.06.22"]
[Round "8"]
[White "Rødsmoen, Maud"]
[Black "Poulsen, Iver"]
[Result "0-1"]
[WhiteElo "1778"]
[BlackElo "2084"]
[PlyCount "120"]
[EventDate "2012.??.??"]

1. e4 c5 2. Nf3 Nc6 3. d4 cxd4 4. Nxd4 Nf6 5. Nc3 g6 6. Be3 Bg7 7. f3 O-O 8.
Qd2 d5 9. Nxc6 bxc6 10. O-O-O Qc7 11. Bh6 dxe4 12. Nxe4 Nxe4 13. fxe4 Bxh6 14.
Qxh6 Qe5 15. Bd3 Be6 16. c4 Rab8 17. Qd2 Rfd8 18. Qc2 Rd7 19. Rd2 Rdb7 20. b3
a5 21. Qb2 Qc5 22. Qc3 a4 23. Rb2 Qe3+ 24. Kb1 Rd8 25. Rd1 Bg4 26. Rdd2 Rbd7
27. Kc2 Rxd3 28. Rxd3 Qxe4 29. Qd2 a3 30. Rb1 Rxd3 31. Qxd3 Qxd3+ 32. Kxd3 Bf5+
33. Kc3 Bxb1 34. b4 Bxa2 35. b5 cxb5 36. cxb5 Bd5 37. g3 a2 38. Kb2 e5 39. b6
f5 40. b7 Bxb7 41. Kxa2 Kf7 42. Kb2 Ke6 43. Kc3 Kd5 44. Kd3 Ba6+ 45. Ke3 g5 46.
g4 f4+ 47. Kd2 Kd4 48. h3 h6 49. Ke1 Ke3 50. Kd1 Bf1 51. Kc2 Bxh3 52. Kd1 Bxg4+
53. Kc2 Bf3 54. Kb3 g4 55. Kc2 g3 56. Kb3 g2 57. Kc4 g1=Q 58. Kc3 Qd1 59. Kb2
Bd5 60. Ka3 Qb3# 0-1

[Event "Sveins 5. minneturnering"]
[Site "Oslo"]
[Date "2012.06.22"]
[Round "8"]
[White "Østby, Martin Bergsjø"]
[Black "Sætre, Roger"]
[Result "1-0"]
[WhiteElo "1734"]
[BlackElo "1865"]
[PlyCount "101"]
[EventDate "2012.??.??"]

1. e4 e6 2. d4 d5 3. exd5 exd5 4. Nf3 Nf6 5. Be2 Be7 6. O-O O-O 7. b3 Re8 8.
Bb2 Bg4 9. Nbd2 Nbd7 10. Bd3 c6 11. c4 Bh5 12. Qc2 Bg6 13. Rfe1 Bxd3 14. Qxd3
Bd6 15. Rxe8+ Qxe8 16. Re1 Qf8 17. Ne5 Re8 18. f4 Nxe5 19. fxe5 Bb4 20. Bc3 Nd7
21. c5 Bxc3 22. Qxc3 Qe7 23. Qg3 Nf8 24. Nf3 Ne6 25. Qg4 b6 26. b4 bxc5 27.
bxc5 Rb8 28. Nh4 Qg5 29. Qxg5 Nxg5 30. Nf5 Kf8 31. Re3 Rb1+ 32. Kf2 Rb2+ 33.
Kg1 a5 34. h4 Ne6 35. Ra3 g6 36. Nd6 Nxd4 37. Rxa5 Ne6 38. Ra7 Nxc5 39. Rxf7+
Kg8 40. Rc7 Rb6 41. Nc8 Ne6 42. Rxc6 Rxc6 43. Ne7+ Kf7 44. Nxc6 Nc5 45. Kf2 Ke6
46. Ke3 h6 47. Kd4 Na4 48. g4 h5 49. g5 Kf5 50. Ne7+ Ke6 51. Nxg6 1-0

[Event "Sveins 5. minneturnering"]
[Site "Oslo"]
[Date "2012.06.22"]
[Round "8"]
[White "Øgaard, Leif"]
[Black "Ziska, Helgi Dam"]
[Result "1-0"]
[WhiteElo "2408"]
[BlackElo "2450"]
[PlyCount "81"]
[EventDate "2012.??.??"]

1. d4 Nf6 2. Nf3 g6 3. c4 Bg7 4. Nc3 O-O 5. e4 d6 6. Be2 e5 7. O-O Nc6 8. dxe5
dxe5 9. h3 Be6 10. Be3 Qxd1 11. Rfxd1 Rfd8 12. Nd5 Ne8 13. Bd3 h6 14. g4 Rd7
15. Nd2 Bf8 16. Nb3 Nb4 17. Nxb4 Bxb4 18. Be2 g5 19. Rxd7 Bxd7 20. c5 Be6 21.
a3 Bxb3 22. axb4 c6 23. b5 cxb5 24. Bxb5 Nc7 25. Be2 Be6 26. Rd1 Kf8 27. b4 Ke7
28. b5 a6 29. b6 Nb5 30. Bxb5 axb5 31. c6 bxc6 32. Bc5+ Kf6 33. Rd6 Rh8 34. f3
Rc8 35. Kf2 Ke7 36. Ke3 f6 37. Kd2 Bd7 38. Kc3 Rb8 39. Kb4 Rb7 40. Ka5 Kf7 41.
Rxd7+ 1-0

[Event "Sveins 5. minneturnering"]
[Site "Oslo"]
[Date "2012.06.22"]
[Round "9"]
[White "Berg, Emanuel"]
[Black "Hillarp Persson, Tiger"]
[Result "1/2-1/2"]
[WhiteElo "2587"]
[BlackElo "2578"]
[PlyCount "69"]
[EventDate "2012.??.??"]

1. e4 c5 2. Nf3 e6 3. d4 cxd4 4. Nxd4 a6 5. Bd3 Bc5 6. Nb3 Be7 7. O-O d6 8. Qg4
g6 9. Qe2 Nd7 10. Na3 b6 11. Nc4 Bb7 12. a4 Ngf6 13. Bh6 Qc7 14. Rad1 d5 15.
exd5 Nxd5 16. Be4 Rc8 17. Bxd5 Bxd5 18. Ne3 Bb7 19. Bg7 Rg8 20. Bc3 Nf6 21. f4
Qc6 22. a5 b5 23. Be5 Nd7 24. Bd4 Qe4 25. c3 f6 26. Nd2 Qc6 27. Nf3 Qe4 28. Nd2
Qc6 29. Nf3 Qe4 30. b4 h5 31. Nd2 Qc6 32. Nf3 Qe4 33. Nd2 Qc6 34. Nf3 Qe4 35.
Nd2 1/2-1/2

[Event "Sveins 5. minneturnering"]
[Site "Oslo"]
[Date "2012.06.22"]
[Round "9"]
[White "Hauge, Lars Oskar"]
[Black "Smith, Axel"]
[Result "0-1"]
[WhiteElo "2071"]
[BlackElo "2483"]
[PlyCount "80"]
[EventDate "2012.??.??"]

1. c4 e6 2. g3 d5 3. Bg2 Nf6 4. Nf3 dxc4 5. O-O Nbd7 6. Qa4 a6 7. Qxc4 b5 8.
Qc2 Bb7 9. d4 c5 10. Bg5 Rc8 11. Rd1 Qb6 12. Qd3 Be7 13. Ne5 Nxe5 14. dxe5 Rd8
15. Qc2 Rxd1+ 16. Qxd1 Bxg2 17. Kxg2 Qc6+ 18. Kg1 Nd5 19. Bxe7 Nxe7 20. Qd6
Qxd6 21. exd6 Nf5 22. a4 b4 23. Nd2 Nxd6 24. Rc1 Nb7 25. Ne4 Ke7 26. Nxc5 Rc8
27. Nd3 Rxc1+ 28. Nxc1 Nc5 29. b3 Kd6 30. e3 Kd5 31. Kf1 Nxa4 32. Nd3 Nc5 33.
Nxb4+ Kd6 34. Ke2 a5 35. Nd3 Nxb3 36. Nb2 Kc5 37. Kd3 Kb4 38. Kc2 Nc5 39. Nd1
a4 40. Nc3 a3 0-1

[Event "Sveins 5. minneturnering"]
[Site "Oslo"]
[Date "2012.06.22"]
[Round "9"]
[White "Ziska, Helgi Dam"]
[Black "Seps, Monika"]
[Result "1-0"]
[WhiteElo "2450"]
[BlackElo "2193"]
[PlyCount "105"]
[EventDate "2012.??.??"]

1. e4 c5 2. Nf3 Nc6 3. Bb5 d6 4. O-O Bd7 5. Re1 Nf6 6. c3 a6 7. Bf1 Bg4 8. h3
Bh5 9. g4 Bg6 10. d4 cxd4 11. cxd4 d5 12. exd5 Nxd5 13. Nc3 e6 14. Nxd5 Qxd5
15. Bg2 Rd8 16. Bg5 f6 17. Ne5 Qxd4 18. Nxc6 Qxd1 19. Raxd1 Rxd1 20. Rxd1 bxc6
21. Bxc6+ Kf7 22. Be3 Be7 23. Rd7 Rc8 24. Bb7 Rc2 25. Bxa6 Ke8 26. Rd2 Rc1+ 27.
Kg2 Rb1 28. Bb7 e5 29. Bc6+ Kf8 30. a3 h5 31. b4 hxg4 32. hxg4 Be8 33. Be4 Ra1
34. Rd3 Bb5 35. Rc3 Bd6 36. Rc8+ Kf7 37. Ra8 Be2 38. f3 Bc4 39. Ra7+ Kf8 40.
Bc5 Ra2+ 41. Kg1 Ra1+ 42. Kf2 Bxc5+ 43. bxc5 Rc1 44. c6 Be6 45. c7 Bd7 46. Bf5
Bxf5 47. gxf5 Ke8 48. Ra8+ Kd7 49. c8=Q+ Rxc8 50. Rxc8 Kxc8 51. Kg3 Kd7 52. Kg4
Kd6 53. Kh5 1-0

[Event "Sveins 5. minneturnering"]
[Site "Oslo"]
[Date "2012.06.22"]
[Round "9"]
[White "Hagen, Andreas Skytte"]
[Black "Frisk, Ellinor"]
[Result "1/2-1/2"]
[WhiteElo "2445"]
[BlackElo "2181"]
[PlyCount "145"]
[EventDate "2012.??.??"]

1. e4 e6 2. d4 d5 3. Nc3 Nf6 4. e5 Nfd7 5. f4 c5 6. Nf3 Nc6 7. Be3 a6 8. Qd2 b5
9. a3 Qb6 10. g3 Bb7 11. Bg2 cxd4 12. Nxd4 Bc5 13. Nce2 f6 14. exf6 Nxf6 15. b4
Bxd4 16. Nxd4 Nxd4 17. Bxd4 Qd8 18. Qe3 Kf7 19. O-O Re8 20. Qe5 Kg8 21. Bh3 Qd7
22. Rae1 Ne4 23. Qh5 Qf7 24. Qe2 Bc8 25. Bg2 Bb7 26. Qd3 Qc7 27. Re3 Rac8 28.
c3 Bc6 29. Qd1 Bb7 30. h4 Qc4 31. Qg4 Rc7 32. h5 h6 33. Qg6 Ree7 34. Be5 Rc8
35. g4 Bc6 36. Bxe4 dxe4 37. g5 Be8 38. Qxe4 Qxe4 39. Rxe4 hxg5 40. fxg5 Bxh5
41. Rd4 Bg6 42. Rd6 Ra8 43. Kf2 Bf5 44. Rfd1 Kf7 45. Rd7 Rae8 46. Ke3 Rxd7 47.
Rxd7+ Re7 48. Rxe7+ Kxe7 49. Bxg7 Kf7 50. Bf6 Kg6 51. Kd4 Bh3 52. Ke5 Bg4 53.
Kd6 Kf5 54. Kc6 e5 55. Kb6 e4 56. Kxa6 Be2 57. Ka5 Bd3 58. Bd4 Kxg5 59. a4 bxa4
60. Kxa4 Kf5 61. Kb3 Ke6 62. c4 Kd7 63. b5 Kc7 64. Be3 Bf1 65. Kb4 Bh3 66. Ka5
Kb7 67. Kb4 Bg4 68. Kc5 Be6 69. Kd4 Bf7 70. Kc5 Be6 71. Kb4 Bf7 72. c5 Be8 73.
Kc4 1/2-1/2

[Event "Sveins 5. minneturnering"]
[Site "Oslo"]
[Date "2012.06.22"]
[Round "9"]
[White "Urkedal, Frode Olav Olsen"]
[Black "Øgaard, Leif"]
[Result "1/2-1/2"]
[WhiteElo "2439"]
[BlackElo "2408"]
[PlyCount "89"]
[EventDate "2012.??.??"]

1. d4 d5 2. c4 e6 3. Nc3 Be7 4. Bf4 Nf6 5. e3 O-O 6. a3 b6 7. Nf3 Bb7 8. Bd3
dxc4 9. Bxc4 Nbd7 10. O-O c5 11. Qe2 cxd4 12. exd4 Nd5 13. Nxd5 Bxd5 14. Bxd5
exd5 15. Rac1 Re8 16. Qa6 Nf8 17. Rfe1 Ne6 18. Bg3 Bf6 19. Qa4 a6 20. Be5 b5
21. Qb3 Bxe5 22. Rxe5 Nf4 23. Rce1 Rxe5 24. Nxe5 Rc8 25. Qf3 Qf6 26. g3 Ne6 27.
Qxd5 Rd8 28. Qe4 Nxd4 29. Kg2 h6 30. Rd1 Ne6 31. Rxd8+ Qxd8 32. h4 Qc7 33. Qa8+
Kh7 34. Qe4+ Kg8 35. Qa8+ Kh7 36. Qd5 Kg8 37. h5 Ng5 38. Ng6 Ne6 39. Qa8+ Nd8
40. Nf4 Qd6 41. Qd5 Qc7 42. Nd3 Ne6 43. Qa8+ Kh7 44. Qe4+ Kg8 45. Qa8+ 1/2-1/2

[Event "Sveins 5. minneturnering"]
[Site "Oslo"]
[Date "2012.06.22"]
[Round "9"]
[White "Hoi, Carsten"]
[Black "Omtvedt, Per"]
[Result "1-0"]
[WhiteElo "2357"]
[BlackElo "2117"]
[PlyCount "79"]
[EventDate "2012.??.??"]

1. d4 d5 2. Nf3 f5 3. Bg5 Nf6 4. Bxf6 exf6 5. e3 Be6 6. Nbd2 Nd7 7. c4 dxc4 8.
Bxc4 Bxc4 9. Nxc4 Bb4+ 10. Ncd2 Nb6 11. O-O Bxd2 12. Nxd2 O-O 13. Nb3 c6 14.
Nc5 Qe7 15. b4 Nd5 16. Qb3 Rad8 17. a4 Rf7 18. Rfe1 g6 19. b5 b6 20. Nd3 cxb5
21. axb5 Kg7 22. Rac1 Qd7 23. Rc6 Re7 24. g3 g5 25. Nb4 h6 26. Rec1 Kg6 27.
Nxd5 Qxd5 28. Qb4 Red7 29. Rc7 Kf7 30. Qa4 Ra8 31. R1c6 f4 32. Rxd7+ Qxd7 33.
Qc4+ Kg6 34. Rc7 Qe8 35. g4 Qf8 36. Qc2+ f5 37. Qc6+ Qf6 38. Qxa8 fxg4 39. Qe8+
Kf5 40. e4# 1-0

[Event "Sveins 5. minneturnering"]
[Site "Oslo"]
[Date "2012.06.22"]
[Round "9"]
[White "Hansen, Lars-Henrik Bech"]
[Black "Westerinen, Heikki M.J"]
[Result "1/2-1/2"]
[WhiteElo "1992"]
[BlackElo "2335"]
[PlyCount "41"]
[EventDate "2012.??.??"]

1. e4 e6 2. d4 d5 3. Nc3 Bb4 4. Bd2 Ne7 5. Qg4 O-O 6. O-O-O e5 7. Qh5 exd4 8.
Nxd5 Nxd5 9. Qxd5 Bxd2+ 10. Rxd2 Nc6 11. Qxd8 Rxd8 12. Nf3 Bg4 13. Be2 Bxf3 14.
Bxf3 Re8 15. Rhd1 Rad8 16. g3 Rd6 17. Bg2 Rh6 18. h3 Rg6 19. a3 Kf8 20. Rd3 Rd6
21. f4 1/2-1/2

[Event "Sveins 5. minneturnering"]
[Site "Oslo"]
[Date "2012.06.22"]
[Round "9"]
[White "Heublum, Harry A"]
[Black "Ådnøy, Hallvard V"]
[Result "0-1"]
[WhiteElo "1903"]
[BlackElo "2286"]
[PlyCount "149"]
[EventDate "2012.??.??"]

1. d4 g6 2. Nf3 Bg7 3. e3 d6 4. Be2 Nd7 5. c4 e5 6. Nc3 Ngf6 7. O-O O-O 8. b4
exd4 9. exd4 c5 10. bxc5 dxc5 11. Ba3 Qa5 12. Qb3 Re8 13. Rad1 cxd4 14. Nxd4
Ne4 15. Bb4 Qg5 16. Nf3 Qh6 17. Nd5 Ndc5 18. Qa3 Na6 19. Bd3 Bg4 20. Bxe4 Rxe4
21. Rc1 Rae8 22. Bc3 R4e6 23. Bxg7 Qxg7 24. Rcd1 Re4 25. Rc1 h6 26. h3 Be6 27.
Rfd1 g5 28. Qc3 Qxc3 29. Rxc3 Kg7 30. Kf1 Rc8 31. Rdc1 Nc5 32. Ne3 Rf4 33. Nd5
Re4 34. Ne3 b6 35. Ra3 Rc7 36. Rac3 Rd7 37. Ke2 f5 38. Nd2 Red4 39. Nb3 Nxb3
40. axb3 f4 41. Nf1 Re7 42. Kf3 Bf5 43. g3 g4+ 44. Kg2 gxh3+ 45. Kg1 Kf6 46.
gxf4 Rxf4 47. Ng3 Rg7 48. Rf1 h2+ 49. Kh1 Bg4 50. f3 Bh3 51. Nh5+ Ke5 52. Re1+
Kd4 53. Nxf4 Rg1+ 54. Rxg1 hxg1=Q+ 55. Kxg1 Kxc3 56. Nxh3 Kxb3 57. f4 Kxc4 58.
Kf2 a5 59. Ng1 a4 60. Ne2 a3 61. Nc1 b5 62. f5 Kd5 63. Kg3 Ke5 64. Kg4 Kf6 65.
Kf4 h5 66. Na2 h4 67. Kg4 h3 68. Kxh3 Kxf5 69. Kg3 Ke4 70. Kf2 Kd3 71. Ke1 Kc2
72. Ke2 Kb2 73. Nb4 a2 74. Nxa2 Kxa2 75. Kd3 0-1

[Event "Sveins 5. minneturnering"]
[Site "Oslo"]
[Date "2012.06.22"]
[Round "9"]
[White "Meurs, Tom"]
[Black "Gonzàlez, Francisco Silva"]
[Result "1-0"]
[WhiteElo "2246"]
[BlackElo "1991"]
[PlyCount "63"]
[EventDate "2012.??.??"]

1. e4 e5 2. Nf3 Nc6 3. Bb5 a6 4. Ba4 Nf6 5. O-O Bc5 6. c3 b5 7. Bb3 d6 8. a4
Bg4 9. h3 Bh5 10. d3 O-O 11. g4 Bg6 12. Bg5 Rb8 13. Nbd2 Na5 14. axb5 Rxb5 15.
Bc2 Nc6 16. Ba4 Qc8 17. Bxf6 gxf6 18. Bxb5 axb5 19. Nh4 Nd8 20. Ng2 Kh8 21. Kh1
h5 22. f4 exf4 23. Nxf4 Ne6 24. Qf3 Ng5 25. Qg3 hxg4 26. h4 Nh3 27. Nxh3 gxh3
28. d4 Bb6 29. Qf4 Kh7 30. Rg1 Qe6 31. h5 Bxh5 32. Qh4 1-0

[Event "Sveins 5. minneturnering"]
[Site "Oslo"]
[Date "2012.06.22"]
[Round "9"]
[White "Moseng, Geir"]
[Black "Tari, Aryan"]
[Result "0-1"]
[WhiteElo "2124"]
[BlackElo "2216"]
[PlyCount "114"]
[EventDate "2012.??.??"]

1. Nf3 Nf6 2. g3 g6 3. Bg2 Bg7 4. O-O O-O 5. c4 c5 6. Nc3 Nc6 7. a3 d5 8. cxd5
Nxd5 9. Qb3 Nb6 10. d3 Be6 11. Qd1 Rc8 12. Ng5 Bf5 13. Nge4 c4 14. dxc4 Nxc4
15. Qa4 Nb6 16. Qd1 Qc7 17. Bf4 Be5 18. Bxe5 Qxe5 19. e3 Be6 20. f4 Qg7 21. Qf3
Na5 22. Rac1 Nb3 23. Rcd1 Nc4 24. Qe2 h6 25. Rd3 Nb6 26. Nd2 Nxd2 27. Qxd2 Bc4
28. Bxb7 Bxd3 29. Qxd3 Rc7 30. Bf3 e6 31. Rf2 Rd7 32. Qb5 Rfd8 33. Ne4 Rd3 34.
Re2 Rd1+ 35. Kf2 R1d5 36. Qb4 R5d7 37. Nc5 Rc7 38. Ne4 f5 39. Nc3 Qe7 40. Qb3
Nc4 41. Ke1 Qd7 42. Kf2 Nd2 43. Qa2 Nxf3 44. Kxf3 Kg7 45. Qa1 Qd3 46. Qa2 Rd6
47. a4 Qc4 48. Qa1 a6 49. Kf2 Kh7 50. Qe1 Rcd7 51. h4 Rd3 52. h5 g5 53. Qh1 Rd2
54. Qa8 Rxe2+ 55. Nxe2 Rd2 56. Qb7+ Kg8 57. Qb8+ Kf7 0-1

[Event "Sveins 5. minneturnering"]
[Site "Oslo"]
[Date "2012.06.22"]
[Round "9"]
[White "Haubro, Sigfred"]
[Black "Salomon, Johan"]
[Result "0-1"]
[WhiteElo "2135"]
[BlackElo "2052"]
[PlyCount "110"]
[EventDate "2012.??.??"]

1. c4 Nf6 2. Nc3 g6 3. e4 d6 4. f4 Bg7 5. Nf3 O-O 6. Be2 e5 7. fxe5 dxe5 8. d3
Nfd7 9. Bg5 f6 10. Bh4 Na6 11. Qd2 Nac5 12. Bf2 Ne6 13. O-O-O c5 14. h4 h6 15.
Be3 g5 16. hxg5 fxg5 17. Nh2 Nf6 18. Rdf1 Nd4 19. Bd1 b5 20. Bxd4 cxd4 21. Nxb5
Rb8 22. Bb3 Be6 23. Nxa7 Qc7 24. Nf3 Qxa7 25. Nxg5 hxg5 26. Qxg5 Nh7 27. Rxf8+
Nxf8 28. Kb1 Qf7 29. Qd2 Nd7 30. Qa5 Bf8 31. Qc7 Qe7 32. Rh5 Qc5 33. Qxc5 Bxc5
34. Ba4 Bd6 35. Rh6 Nc5 36. Bc2 Kg7 37. Rh1 Nd7 38. Kc1 Be7 39. a3 Bg5+ 40. Kb1
Bd2 41. Ka2 Nf6 42. Rd1 Bg5 43. b4 Ng4 44. Rh1 Ne3 45. Bb3 Bg4 46. c5 Be2 47.
c6 Bxd3 48. a4 Bxe4 49. b5 Bd8 50. Rc1 Bc7 51. Ka3 Bd5 52. Rh1 Bxb3 53. Kxb3 d3
54. Kc3 Rd8 55. Rh3 d2 0-1